Bramkarze reprezentacji Argentyny w XXI wieku - Statystyki

Ogólne statystyki
  • Ten quiz został rozwiązany 98 razy
    13 od ostatniego zresetowania
  • Średni wynik to 5 z 27
Statystyki odpowiedzi
Lata gry # Nazwisko % Poprawnych
2021- 51 Emiliano Martínez
83%
2009-2018 96 Sergio Romero
83%
2018 5 Willy Caballero
83%
2018- 6 Gerónimo Rulli
42%
2018-2023 19 Franco Armani
25%
2004-2008 49 Roberto Abbondanzieri
25%
2011-2021 8 Agustín Marchesín
17%
2011 1 Javier García
17%
2004-2006 4 Leo Franco
17%
2018 1 Paulo Gazzaniga
17%
1995-2001 35 Germán Burgos
8%
2005 6 Germán Lux
8%
2019-2021 2 Juan Musso
8%
2009-2014 11 Mariano Andújar
8%
2007-2012 2 Óscar Ustari
8%
1996-2004 26 Pablo Cavallero
8%
2024- 1 Walter Benítez
8%
2010-2011 3 Adrián Gabbarini
0%
2011-2012 3 Agustín Orión
0%
2009-2010 2 Cristian Campestrini
0%
2009-2010 3 Diego Pozo
0%
2019 4 Esteban Andrada
0%
2003 1 Franco Costanzo
0%
2007-2011 12 Juan Pablo Carrizo
0%
2014-2017 6 Nahuel Guzmán
0%
2010 1 Nelson Ibáñez
0%
2002-2003 4 Sebastián Saja
0%
Nie znaleziono quizów pasujących do podanych kryteriów
Rozkład punktacji
Procent ludzi z każdym wynikiem
Percentyl według liczby udzielonych odpowiedzi
Twoja historia wyników
Nie rozwiązałeś tego quizu od ostatniego zresetowania